| 000 | 01359nam a2200325 a 4500 | ||
|---|---|---|---|
| 001 | ebr10511560 | ||
| 003 | CaPaEBR | ||
| 006 | m u | ||
| 007 | cr cn||||||||| | ||
| 008 | 111213s2009 enka sb 001 0 eng d | ||
| 020 | _z9781904752295 | ||
| 020 | _z9781906985523 (e-book) | ||
| 040 |
_aCaPaEBR _cCaPaEBR |
||
| 035 | _a(OCoLC)769189767 | ||
| 050 | 1 | 4 |
_aRG107.5.U4 _bG96 2009eb |
| 245 | 0 | 0 |
_aGynaecological ultrasound in clinical practice _h[electronic resource] : _bultrasound imaging in the management of gynaecological conditions / _cedited by Davor Jurkovic, Lil Valentin and Sanjay Vyas. |
| 260 |
_aLondon : _bRCOG Press, _c2009. |
||
| 300 |
_axi, 235 p. : _bill. (some col.) |
||
| 504 | _aIncludes bibliographical references and index. | ||
| 533 |
_aElectronic reproduction. _bPalo Alto, Calif. : _cebrary, _d2011. _nAvailable via World Wide Web. _nAccess may be limited to ebrary affiliated libraries. |
||
| 650 | 0 |
_aGenerative organs, Female _xUltrasonic imaging. |
|
| 650 | 0 |
_aGynecology _xDiagnosis. |
|
| 650 | 0 | _aUltrasonic imaging. | |
| 655 | 7 |
_aElectronic books. _2local |
|
| 700 | 1 | _aJurkovic, Davor. | |
| 700 | 1 | _aValentin, Lil. | |
| 700 | 1 | _aVyas, Sanjay. | |
| 710 | 2 | _aebrary, Inc. | |
| 856 | 4 | 0 |
_uhttp://site.ebrary.com/lib/rucke/Doc?id=10511560 _zAn electronic book accessible through the World Wide Web; click to view |
| 999 |
_c222591 _d222591 |
||